00524nam a2200205 a 4500001001300000003000900013005001700022008004100039020001000080082002100090100001700111245003800128260002800166300000900194500003500203505002700238650001700265650001900282700001700301nice12345678IN_TiNIC20260116013534.0050524s1998 jaia grp 000 0 eng  ac47500a306.0988145bARY aArya, Shachi aTribal Activismb Voice of Potest aJaipurbRawat Pubc1998 a232p aincludes index and biblioraphy2 aAcknowledgement, Notes aTribes-India aMahasveta Devi1 aArya, Shachi